000 00624nam a2200205 4500
001 132543
003 ES-MaACL
007 t|
008 070214s1985 sp r ||||1| spa d
100 1 _aRomero Yebra, Ana María.
_999455
245 1 0 _aIsla de Brétema /
_cAna María Romero Yebra.
250 _a1ª ed.
260 _aMadrid :
_bTorremozas,
_c1985.
300 _a80 p. ;
_c17 cm.
490 1 _aColección Torremozas de poesía de mujeres ;
_v21
830 0 0 _aColección Torremozas de poesía de mujeres
_v21
_9177494
852 _aES-MaACL
_jL-8474
_bR.108692
942 _2udc
999 _c132543
_d132543